[Event "ITA-ch sf"]
[Site "Arvier"]
[Date "2002.06.25"]
[Round "4"]
[White "Cocchi, Andrea"]
[Black "Sartori, Spartaco"]
[Result "1/2-1/2"]
[WhiteElo "2281"]
[BlackElo "2262"]
[PlyCount "53"]
[EventDate "2002.06.22"]
[EventType "swiss"]
[EventRounds "9"]
[EventCountry "ITA"]
[SourceTitle "CBM 089 Extra"]
[Source "ChessBase"]
[SourceDate "2002.09.10"]
[SourceVersion "2"]
[SourceVersionDate "2002.09.10"]
[SourceQuality "1"]

1. c4 c5 2. e4 Nc6 3. Nc3 g6 4. g3 Bg7 5. Bg2 a6 6. Nge2 b5 7. cxb5 axb5 8. f4 b4 9. Nd5 Ba6 10. d3 e6 11. Ne3 Nge7 12. 0-0 Nd4 13. e5 Nxe2+ 14. Qxe2 Ra7 15. Nc4 0-0 16. Be3 Bxc4 17. dxc4 Qb6 18. Qf2 Rc8 19. a4 d6 20. g4 Nc6 21. b3 Nd4 22. Bxd4 cxd4 23. exd6 Qxd6 24. Rad1 Ra5 25. Rd3 h5 26. g5 Rf8 27. Be4 1/2-1/2

[Event "Lido degli Estensi op 3rd"]
[Site "Lido degli Estensi"]
[Date "2002.06.14"]
[Round "7"]
[White "Schmitz, Manuela"]
[Black "Sartori, Spartaco"]
[Result "0-1"]
[WhiteElo "2082"]
[BlackElo "2262"]
[PlyCount "140"]
[EventDate "2002.06.07"]
[EventType "swiss"]
[EventRounds "9"]
[EventCountry "ITA"]
[SourceTitle "CBM 088 Extra"]
[Source "ChessBase"]
[SourceDate "2002.07.01"]
[SourceVersion "2"]
[SourceVersionDate "2002.07.01"]
[SourceQuality "1"]

1. d4 e6 2. Nf3 Nf6 3. c4 b6 4. a3 Bb7 5. Bg5 Be7 6. Nc3 c5 7. e3 h6 8. Bh4 0-0 9. Bd3 Bxf3 10. Qxf3 Nc6 11. Ne2 Rc8 12. 0-0 cxd4 13. exd4 Na5 14. Rac1 Nb3 15. Rc2 b5 16. Rd1 bxc4 17. Bxc4 Na5 18. Bd3 Rxc2 19. Bxc2 Nd5 20. Qd3 f5 21. Bxe7 Qxe7 22. Qb5 Nc6 23. b4 a5 24. bxa5 Qxa3 25. Qb7 Qd6 26. Ba4 Rb8 27. Qa6 Ndb4 28. Qc4 Nxa5 29. Qc5 Qxc5 30. dxc5 Na6 31. Bxd7 Nxc5 32. g3 Kf8 33. Nf4 Ke7 34. Bxe6 g5 35. Bxf5 gxf4 36. gxf4 Rb6 37. Rd5 Nab3 38. Kg2 Kf6 39. Kg3 Ne6 40. Bxe6 Rxe6 41. f5 Re4 42. Rd6+ Kg5 43. Rg6+ Kh5 44. Kf3 Nd2+ 45. Kg3 Rb4 46. h3 Ne4+ 47. Kf3 Ng5+ 48. Kg2 Rf4 49. Ra6 Rxf5 50. Ra3 Ne4 51. f3 Rg5+ 52. Kh2 Nd2 53. f4 Rg6 54. Rd3 Nf1+ 55. Kh1 Kh4 56. f5 Ng3+ 57. Kh2 Nxf5 58. Rf3 Kg5 59. Ra3 Rb6 60. Ra2 Rb3 61. Rd2 h5 62. Rf2 Re3 63. Rc2 Kf4 64. Rf2+ Rf3 65. Ra2 Ng3 66. Ra4+ Ne4 67. Rb4 Rf2+ 68. Kg1 Rc2 69. Kf1 Kf3 70. Ke1 Rc1# 0-1

[Event "Lido degli Estensi op 3rd"]
[Site "Lido degli Estensi"]
[Date "2002.06.11"]
[Round "4"]
[White "Sartori, Spartaco"]
[Black "Naumkin, Igor"]
[Result "0-1"]
[WhiteElo "2262"]
[BlackElo "2433"]
[PlyCount "66"]
[EventDate "2002.06.07"]
[EventType "swiss"]
[EventRounds "9"]
[EventCountry "ITA"]
[SourceTitle "CBM 088 Extra"]
[Source "ChessBase"]
[SourceDate "2002.07.01"]
[SourceVersion "2"]
[SourceVersionDate "2002.07.01"]
[SourceQuality "1"]

1. c4 e5 2. Nc3 Nf6 3. Nf3 Nc6 4. g3 Bb4 5. Bg2 0-0 6. 0-0 e4 7. Ng5 Bxc3 8. bxc3 Re8 9. f3 e3 10. d3 d5 11. cxd5 Nxd5 12. Qb3 Na5 13. Qa3 b6 14. f4 Bb7 15. c4 Nf6 16. Bxb7 Nxb7 17. Bb2 Nc5 18. Rab1 Ng4 19. Qc3 f6 20. Nf3 Qd7 21. Ba3 Na4 22. Qc2 a6 23. Bb2 Nc5 24. Ba3 Ne6 25. Qc3 Nf2 26. Rxf2 exf2+ 27. Kxf2 b5 28. Bb2 c5 29. a3 Kh8 30. f5 Nd4 31. Nxd4 cxd4 32. Qxd4 Qxf5+ 33. Ke1 Rad8 0-1

[Event "Veneto-ch qf 62nd"]
[Site "Arqua Petrarca"]
[Date "2002.05.12"]
[Round "6.4"]
[White "Sartori, Spartaco"]
[Black "Danieli, Enrico"]
[Result "1-0"]
[WhiteElo "2149"]
[BlackElo "2044"]
[PlyCount "97"]
[EventDate "2002.05.04"]
[EventType "swiss"]
[EventRounds "6"]
[EventCountry "ITA"]
[SourceTitle "EXT 2024"]
[Source "ChessBase"]
[SourceDate "2023.10.10"]
[SourceVersion "1"]
[SourceVersionDate "2023.10.10"]
[SourceQuality "1"]

1. c4 Nf6 2. Nc3 e6 3. Nf3 d5 4. d4 Be7 5. Bg5 0-0 6. e3 h6 7. Bxf6 Bxf6 8. Rc1 c6 9. Bd3 Nd7 10. cxd5 exd5 11. b4 b5 12. a4 a6 13. a5 Be7 14. Rb1 Bd6 15. Ne2 Qe7 16. Qd2 Nf6 17. 0-0 Ne4 18. Bxe4 dxe4 19. Ne5 Bxe5 20. dxe5 Qxe5 21. Rfc1 Bb7 22. Qd7 Rab8 23. Rc5 Qe8 24. Qg4 Rd8 25. Nd4 Rd6 26. Qf4 Rd5 27. Rbc1 Rxc5 28. Rxc5 Qe7 29. h4 Rd8 30. Nf5 Qf6 31. Qxe4 Kf8 32. Qf4 Bc8 33. h5 Bxf5 34. Rxf5 Qe7 35. g4 f6 36. Rc5 Qd6 37. Qe4 Rc8 38. Kg2 Qd7 39. Kg3 Qd1 40. Kg2 Qd7 41. Rc3 Re8 42. Qf3 Rc8 43. Kg3 Qd6+ 44. Qf4 Qd1 45. Kg2 Qd5+ 46. e4 Qd4 47. Qf5 Rc7 48. Qc5+ Qxc5 49. Rxc5 1-0

[Event "Milan Crespi op 16th"]
[Site "Milan"]
[Date "1995.12.??"]
[Round "5"]
[White "Lanzani, Mario"]
[Black "Sartori, Spartaco"]
[Result "1/2-1/2"]
[WhiteElo "2330"]
[BlackElo "2270"]
[PlyCount "83"]
[EventDate "1995.12.07"]
[EventType "swiss"]
[EventRounds "7"]
[EventCountry "ITA"]
[SourceTitle "EXT 2023"]
[Source "ChessBase"]
[SourceDate "2022.10.05"]
[SourceVersion "1"]
[SourceVersionDate "2022.10.05"]
[SourceQuality "1"]

1. e4 e6 2. d4 d5 3. Nc3 Bb4 4. exd5 exd5 5. Bd3 Nc6 6. a3 Bxc3+ 7. bxc3 Nge7 8. Qf3 Be6 9. Rb1 b6 10. Nh3 Qd7 11. Ng5 Bf5 12. g4 Bg6 13. h4 0-0-0 14. Bxg6 fxg6 15. Qg3 h6 16. Nf3 Rde8 17. Kf1 h5 18. Rg1 Rhf8 19. Bf4 hxg4 20. Qxg4 Rf5 21. Ne5 Nxe5 22. Bxe5 Nc6 23. Qxg6 Nxe5 24. dxe5 Rfxe5 25. Qxg7 Qh3+ 26. Rg2 Qxc3 27. Kg1 Qxc2 28. Rf1 Qc4 29. Qg4+ Qxg4 30. Rxg4 c5 31. f4 Rf5 32. Rg7 Re4 33. Rxa7 Rexf4 34. Re1 Rg4+ 35. Kh2 Rxh4+ 36. Kg3 Re4 37. Rh1 Rg5+ 38. Kf3 Rf5+ 39. Kg3 Kb8 40. Rhh7 Rg5+ 41. Kf3 Rf5+ 42. Kg3 1/2-1/2

[Event "Veneto-ch 08th"]
[Site "Padova"]
[Date "1989.09.23"]
[Round "2.1"]
[White "Sartori, Spartaco"]
[Black "Manca, Federico"]
[Result "0-1"]
[WhiteElo "2230"]
[BlackElo "2360"]
[PlyCount "68"]
[EventDate "1989.09.23"]
[EventType "swiss"]
[EventRounds "4"]
[EventCountry "ITA"]
[SourceTitle "EXT 2024"]
[Source "ChessBase"]
[SourceDate "2023.10.10"]
[SourceVersion "1"]
[SourceVersionDate "2023.10.10"]
[SourceQuality "1"]

1. c4 e5 2. Nc3 Nc6 3. Nf3 f5 4. d4 e4 5. Bg5 Nf6 6. Nd2 Be7 7. e3 0-0 8. Be2 d6 9. Qc2 Ng4 10. Bxe7 Qxe7 11. Nd5 Qg5 12. h4 Qg6 13. Nf4 Nxe3 14. fxe3 Qg3+ 15. Kd1 Qxe3 16. Nd5 Qf2 17. Nb3 Qxg2 18. Kd2 Qg6 19. Rag1 Qf7 20. Rg5 Kh8 21. Rhg1 Rg8 22. Ke3 Bd7 23. Kf4 Nd8 24. Ke3 Ne6 25. Nf4 Nxf4 26. Kxf4 Rae8 27. Bh5 g6 28. Be2 Qf6 29. Rh1 e3 30. Qc3 d5 31. c5 Re4+ 32. Kf3 Rxh4 33. Rxh4 Qxg5 34. Rf4 Qh5+ 0-1

[Event "Arco op 14th"]
[Site "Arco"]
[Date "1989.??.??"]
[Round "?"]
[White "Wagman, Stuart"]
[Black "Sartori, Spartaco"]
[Result "0-1"]
[WhiteElo "2290"]
[BlackElo "2230"]
[PlyCount "83"]
[EventDate "1989.10.07"]
[EventType "swiss"]
[EventRounds "9"]
[EventCountry "ITA"]
[SourceTitle "EXT 2003"]
[Source "ChessBase"]
[SourceDate "2002.11.25"]
[SourceVersion "1"]
[SourceVersionDate "2002.11.25"]
[SourceQuality "1"]

1. e4 e6 2. d4 d5 3. Nc3 Bb4 4. e5 c5 5. a3 Bxc3+ 6. bxc3 Ne7 7. Qg4 Qc7 8. Qxg7 Rg8 9. Qxh7 cxd4 10. Ne2 Nbc6 11. f4 Bd7 12. Qd3 dxc3 13. Nxc3 Nf5 14. Ne2 0-0-0 15. h3 d4 16. g4 Nh4 17. Rg1 Be8 18. Rg3 Qe7 19. Rb1 f6 20. exf6 Qxf6 21. Qb3 Rg7 22. Ng1 Ng6 23. g5 Qf8 24. Qxe6+ Bd7 25. Qf6 Qe8+ 26. Kd1 Re7 27. Bd2 Re6 28. Qg7 Nxf4 29. Rgb3 Re7 30. Qh6 Nd5 31. Kc1 Nc3 32. Rxc3 dxc3 33. Bxc3 Nd4 34. Bg2 Bc6 35. Bxc6 Nxc6 36. Nf3 Qd7 37. Bf6 Qd1+ 38. Kb2 Qxf3 39. Bxe7 Nxe7 40. Qf6 Qxf6+ 41. gxf6 Ng8 42. f7 0-1

[Event "ITA-GER m"]
[Site "Roncegno"]
[Date "1988.??.??"]
[Round "?"]
[White "Sartori, Spartaco"]
[Black "Koepf, Ulrich"]
[Result "0-1"]
[WhiteElo "2245"]
[BlackElo "2230"]
[PlyCount "102"]
[EventDate "1988.??.??"]
[EventType "team"]
[EventRounds "2"]
[EventCountry "ITA"]
[SourceTitle "EXT 2002"]
[Source "ChessBase"]
[SourceDate "2001.11.25"]
[SourceVersion "1"]
[SourceVersionDate "2001.11.25"]
[SourceQuality "1"]

1. c4 e5 2. Nc3 Nc6 3. Nf3 g6 4. d4 d6 5. dxe5 Nxe5 6. Nd4 Bg7 7. e4 Nf6 8. Be2 0-0 9. 0-0 Re8 10. Bg5 h6 11. Bh4 g5 12. Bg3 c6 13. Nc2 Qe7 14. Ne3 Bd7 15. Qb3 Be6 16. Qa3 Nfd7 17. Rad1 Bf8 18. Ncd5 cxd5 19. cxd5 a6 20. dxe6 fxe6 21. Ng4 Nf7 22. h4 gxh4 23. Bf4 Nf6 24. Qf3 Bg7 25. e5 dxe5 26. Nxe5 Nd5 27. Ng4 Ng5 28. Bxg5 Qxg5 29. Qb3 Nf4 30. Bf3 Re7 31. Kh1 Rf8 32. Rde1 h5 33. Nh2 Kh8 34. Re4 h3 35. g3 Nd5 36. Rh4 Nf6 37. Re1 Qd2 38. Qe3 Qxe3 39. Rxe3 Rc8 40. Rxh3 Rc2 41. Bxh5 Kg8 42. Re2 Rec7 43. Ng4 Nxh5 44. Rxc2 Nxg3+ 45. Rxg3 Rxc2 46. Nh6+ Kf8 47. Rf3+ Ke8 48. Re3 Rxf2 49. Rxe6+ Kd7 50. Rb6 Bxh6 51. Rxh6 Rxb2 0-1

[Event "Reggio Emilia-28 B 8586"]
[Site "Reggio Emilia"]
[Date "1986.01.05"]
[Round "10"]
[White "Sartori, Spartaco"]
[Black "Meyer, Claus Dieter"]
[Result "0-1"]
[WhiteElo "2330"]
[BlackElo "2335"]
[PlyCount "62"]
[EventDate "1985.12.27"]
[EventType "tourn"]
[EventRounds "13"]
[EventCountry "ITA"]
[EventCategory "4"]
[SourceTitle "EXT 2024"]
[Source "ChessBase"]
[SourceDate "2023.10.10"]
[SourceVersion "1"]
[SourceVersionDate "2023.10.10"]
[SourceQuality "1"]

1. d4 Nf6 2. Nf3 g6 3. Bg5 Bg7 4. Nbd2 c5 5. Bxf6 Bxf6 6. Ne4 Qb6 7. Nxf6+ Qxf6 8. c3 d6 9. e3 0-0 10. Be2 Nc6 11. 0-0 Rd8 12. Qb3 b6 13. Rfd1 Bb7 14. a4 Rab8 15. Qa3 Rdc8 16. Nd2 Rc7 17. Bf3 Qf5 18. Be4 Qg5 19. d5 Na5 20. f4 Qf6 21. Bf3 c4 22. Rf1 Qg7 23. Rad1 Rd8 24. Rf2 Rc5 25. Nf1 Nb3 26. e4 Ra5 27. Ne3 Nc5 28. b3 cxb3 29. Rd4 b5 30. Qb4 Rxa4 31. Qxb5 Rxd4 0-1

[Event "Reggio Emilia-28 B 8586"]
[Site "Reggio Emilia"]
[Date "1986.01.02"]
[Round "7"]
[White "Sartori, Spartaco"]
[Black "Martorelli, Antonio"]
[Result "1/2-1/2"]
[WhiteElo "2330"]
[BlackElo "2315"]
[PlyCount "76"]
[EventDate "1985.12.27"]
[EventType "tourn"]
[EventRounds "13"]
[EventCountry "ITA"]
[EventCategory "4"]
[SourceTitle "EXT 2024"]
[Source "ChessBase"]
[SourceDate "2023.10.10"]
[SourceVersion "1"]
[SourceVersionDate "2023.10.10"]
[SourceQuality "1"]

1. d4 Nf6 2. Nf3 g6 3. Bg5 c5 4. Bxf6 exf6 5. Nbd2 cxd4 6. Nxd4 Nc6 7. e3 f5 8. c3 Bg7 9. Bc4 0-0 10. 0-0 d5 11. Bb3 f4 12. Nxc6 bxc6 13. exf4 Qh4 14. g3 Qh3 15. Nf3 Bg4 16. Ng5 Qh5 17. f3 Bc8 18. h4 h6 19. g4 Qxh4 20. Kg2 hxg5 21. Rh1 Qxh1+ 22. Qxh1 gxf4 23. Re1 Ba6 24. Qg1 Rfe8 25. Rxe8+ Rxe8 26. Qxa7 Re2+ 27. Kh3 Bd3 28. Qb8+ Kh7 29. Qxf4 f5 30. Qc7 Kh6 31. g5+ Kxg5 32. f4+ Kh6 33. Qxc6 Be5 34. fxe5 f4 35. Kg4 Rf2 36. Qf6 Be2+ 37. Kh3 Bf1+ 38. Kg4 Be2+ 1/2-1/2

[Event "Reggio Emilia-28 B 8586"]
[Site "Reggio Emilia"]
[Date "1985.12.31"]
[Round "5"]
[White "Sartori, Spartaco"]
[Black "Belotti, Bruno"]
[Result "1/2-1/2"]
[WhiteElo "2330"]
[BlackElo "2355"]
[PlyCount "101"]
[EventDate "1985.12.27"]
[EventType "tourn"]
[EventRounds "13"]
[EventCountry "ITA"]
[EventCategory "4"]
[SourceTitle "EXT 2024"]
[Source "ChessBase"]
[SourceDate "2023.10.10"]
[SourceVersion "1"]
[SourceVersionDate "2023.10.10"]
[SourceQuality "1"]

1. d4 Nf6 2. Nf3 c5 3. d5 g6 4. Nc3 d6 5. e4 Bg7 6. Bb5+ Nfd7 7. a4 0-0 8. 0-0 Na6 9. Bg5 h6 10. Bh4 Nc7 11. Qd3 Rb8 12. Rfe1 a6 13. Bc4 g5 14. Bg3 Bxc3 15. Qxc3 f6 16. a5 Ne8 17. Rad1 Kh7 18. Bd3 Ne5 19. Nd2 b5 20. axb6 Qxb6 21. Bxe5 fxe5 22. Nc4 Qb4 23. Qxb4 Rxb4 24. b3 Nc7 25. Na5 Bd7 26. Re3 Rb6 27. Ra1 Kg6 28. Be2 Ra8 29. c3 Ne8 30. g3 Nf6 31. Kg2 Kg7 32. Rf1 Rf8 33. h3 Be8 34. Bg4 Bg6 35. f3 h5 36. Be6 h4 37. g4 Ra8 38. Ra1 Be8 39. Kf2 Nh7 40. Ke2 Nf8 41. Bf5 Kf6 42. Ra3 Rab8 43. Kd2 Bf7 44. Kc2 e6 45. dxe6 Bxe6 46. Re1 Bf7 47. Rd1 Ke7 48. Rd2 Ra8 49. Re2 Kd8 50. Rd2 Kc7 51. Kd3 1/2-1/2